000 00744cab a2200241 4500
001 WB3348-26
008 090401t1997 xxu||||| |||| 00| 0 eng d
035 _a(Sirsi) u82590
041 _aeng
245 _aHousebuilding: October 1997
260 _c1997
350 _a0
490 _aDOETR Information Bulletin
_v(495/ENV) 4 December 1997 (5)
520 _aIn the three months August to October 1997, total housing starts were up 7% and total completions fell by 5% compared with the previous three months. Statistics.
650 _aCOMPLETIONS
650 _aHOUSE BUILDING
650 _aHOUSING STARTS
650 _aNEW DWELLINGS
650 _aSTATISTICS
690 _aHOUSING-DEVELOPMENT
942 _n0
948 _c10/12/1997
999 _c52162
_d52162